| 000 | 00713nam a22001937a 4500 | ||
|---|---|---|---|
| 999 |
_c163976 _d163976 |
||
| 005 | 20190507174400.0 | ||
| 010 | _aUR-10072 | ||
| 020 |
_c380.00 _a9789386486868 |
||
| 035 | _aU-8627 | ||
| 037 | _bDBAD/PUB | ||
| 082 | _a840.08 | ||
| 100 | _aثمر حہا ن | ||
| 245 |
_aتنو ير ا حمد علو ی کا جہا ن معا فی(حصہ ا و ل) _cثمر حہا ن |
||
| 246 |
_bTanveer Ahmad Alvi ka Jahan-e-Ma,ani(Vol.1))(Urdu) _aby Samar Jahan |
||
| 260 |
_a Delhi _bEducational Publishing House _c2017 ء |
||
| 270 |
_a3191،Vakil Street,Kucha Pandit,Lal Kuan, _bDelhi _e110006 _k23216162 _l00911123211540 |
||
| 300 |
_a660ص _c22 Cm.(bk) |
||
| 942 |
_2ddc _cUR _h840.08 _mث م ر |
||